Loading...
About Indian birds:including birds of Nepal, Srilanka,Bhutan,Pakistan,&Bangladesh
| Main Author: | |
|---|---|
| Format: | Printed Book |
| Published: |
Wisdom Tree,New Delhi
2008
|
| Subjects: |
| LEADER | 00546nam a2200193 4500 | ||
|---|---|---|---|
| 020 | |c Rs.495.00 | ||
| 082 | |a 597 SAL | ||
| 100 | |a Salim Ali and Laeeq Futehally | ||
| 245 | |a About Indian birds:including birds of Nepal, Srilanka,Bhutan,Pakistan,&Bangladesh | ||
| 250 | |||
| 260 | |a Wisdom Tree,New Delhi |c 2008 | ||
| 300 | |||
| 490 | |||
| 500 | |||
| 590 | |c Rs.495.00 | ||
| 650 | |a birds | ||
| 942 | |c BK | ||
| 999 | |c 92076 |d 92076 | ||
| 952 | |0 0 |1 0 |4 0 |6 597_000000000000000_SAL |7 0 |9 105544 |a ZGY |b ZGY |g 0.00 |l 0 |o 597 SAL |p ZGY04611 |r 2019-09-25 |w 2019-09-25 |y BK | ||